[Event "Xabia Region-ch Preferente"]
[Site "Xabia"]
[Date "2013.11.16"]
[Round "6"]
[White "Arnot, Bob"]
[Black "Aguado Crespo, Antonio"]
[Result "0-1"]
[WhiteElo "1842"]
[BlackElo "1891"]
[PlyCount "62"]
[EventDate "2013.10.05"]
[EventType "swiss"]
[EventRounds "7"]
[EventCountry "ESP"]
[SourceTitle "EXT 2024"]
[Source "ChessBase"]
[SourceDate "2023.10.10"]
[SourceVersion "1"]
[SourceVersionDate "2023.10.10"]
[SourceQuality "1"]

1. d4 Nf6 2. Nf3 e6 3. Bf4 c5 4. e3 Nc6 5. c3 d5 6. Nbd2 Bd7 7. Ne5 g6 8. Be2 Rc8 9. h4 h5 10. g4 hxg4 11. Bxg4 cxd4 12. exd4 Bh6 13. Qf3 Bxf4 14. Qxf4 Qe7 15. Nxc6 Bxc6 16. Be2 Nh5 17. Bxh5 Rxh5 18. Nf3 Bb5 19. Kd2 Rf5 20. Qg3 Qf6 21. Ke3 Qg7 22. Ne5 Ke7 23. f4 Rh8 24. Rag1 Rfh5 25. Nf3 Qg8 26. Ne5 Qh7 27. c4 dxc4 28. Qf3 Ba6 29. d5 Rd8 30. dxe6 Rxe5+ 31. Kf2 Rd2+ 0-1

[Event "Provincial-ch Xabia Preferente"]
[Site "Valencia"]
[Date "2012.11.03"]
[Round "4"]
[White "Aguado Crespo, Antonio"]
[Black "Arnot, Bob"]
[Result "1-0"]
[WhiteElo "1796"]
[BlackElo "1841"]
[PlyCount "43"]
[EventDate "2012.10.06"]
[EventType "swiss"]
[EventRounds "7"]
[EventCountry "ESP"]
[SourceTitle "EXT 2024"]
[Source "ChessBase"]
[SourceDate "2023.10.10"]
[SourceVersion "1"]
[SourceVersionDate "2023.10.10"]
[SourceQuality "1"]

1. e4 d5 2. exd5 Nf6 3. Nc3 Nbd7 4. d4 g6 5. Bf4 Nb6 6. Qd2 Nbxd5 7. Nxd5 Nxd5 8. Bg5 h6 9. Bh4 Bg7 10. Bd3 c6 11. Nf3 Qb6 12. c3 Bg4 13. Ne5 Bxe5 14. dxe5 0-0-0 15. h3 Be6 16. 0-0-0 g5 17. Bg3 f5 18. exf6 exf6 19. Qc2 Ne7 20. Rhe1 Rxd3 21. Qxd3 Bf5 22. Qd6 1-0

[Event "Provincial-ch Xabia Preferente"]
[Site "Valencia"]
[Date "2011.11.12"]
[Round "5"]
[White "Aguado Crespo, Antonio"]
[Black "Cervera Tur, Enrique"]
[Result "1-0"]
[WhiteElo "1750"]
[BlackElo "1731"]
[PlyCount "49"]
[EventDate "2011.10.01"]
[EventType "swiss"]
[EventRounds "7"]
[EventCountry "ESP"]
[SourceTitle "EXT 2024"]
[Source "ChessBase"]
[SourceDate "2023.10.10"]
[SourceVersion "1"]
[SourceVersionDate "2023.10.10"]
[SourceQuality "1"]

1. e4 c5 2. Bc4 d6 3. Nc3 Nc6 4. f4 Nf6 5. a4 Bg4 6. Nge2 Nd4 7. d3 e5 8. 0-0 d5 9. exd5 Nxd5 10. Bxd5 Nxe2+ 11. Nxe2 Qxd5 12. h3 Bd7 13. Nc3 Qd4+ 14. Kh1 Bd6 15. fxe5 Bxe5 16. Qf3 0-0-0 17. Nb5 Qh4 18. Nxa7+ Kb8 19. Nb5 g5 20. Qf2 Bg3 21. Qxc5 Bc6 22. Kg1 g4 23. Bg5 Bf2+ 24. Rxf2 Qg3 25. Bf4+ 1-0

[Event "Provincial-ch Xabia Preferente"]
[Site "Valencia"]
[Date "2011.10.29"]
[Round "3"]
[White "Aguado Crespo, Antonio"]
[Black "Pont Font, Daniel"]
[Result "0-1"]
[WhiteElo "1750"]
[BlackElo "1903"]
[PlyCount "140"]
[EventDate "2011.10.01"]
[EventType "swiss"]
[EventRounds "7"]
[EventCountry "ESP"]
[SourceTitle "EXT 2024"]
[Source "ChessBase"]
[SourceDate "2023.10.10"]
[SourceVersion "1"]
[SourceVersionDate "2023.10.10"]
[SourceQuality "1"]

1. e4 Nf6 2. e5 Nd5 3. d4 d6 4. c4 Nb6 5. f4 dxe5 6. fxe5 Nc6 7. Be3 Bf5 8. Nc3 e6 9. Be2 Be7 10. Nf3 0-0 11. 0-0 f6 12. exf6 Bxf6 13. Qd2 Qe7 14. Rad1 Rad8 15. h3 Rd7 16. Qe1 Rfd8 17. Qf2 Qb4 18. g4 Bg6 19. g5 Be7 20. Bc1 Nxd4 21. Nxd4 Rxd4 22. Rxd4 Rxd4 23. Bg4 Rxg4+ 24. hxg4 Qxc4 25. Qf3 Bc5+ 26. Kh2 Nd7 27. Rd1 Bd6+ 28. Kh1 Ne5 29. Qxb7 Qxg4 30. Qg2 Qh5+ 31. Kg1 Bc5+ 32. Kf1 Bd3+ 33. Rxd3 Nxd3 34. Bd2 Bb6 35. Qe4 Qh3+ 36. Ke2 Nc5 37. Qc6 Qg4+ 38. Kf1 Qc4+ 39. Kg2 Qg4+ 40. Kf1 Qh3+ 41. Ke2 Qh5+ 42. Kf1 Kf7 43. a3 Qh3+ 44. Ke2 Qd3+ 45. Ke1 Qd6 46. Qf3+ Ke7 47. Ne2 Nd3+ 48. Kf1 Ne5 49. Qc3 Qd5 50. Nf4 Qc5 51. Ne2 Qd5 52. Nf4 Qf3+ 53. Qxf3 Nxf3 54. Bc3 Bd4 55. Ne2 Bxc3 56. Nxc3 a6 57. Ne4 e5 58. Ke2 Nd4+ 59. Ke3 h5 60. Ng3 g6 61. Ke4 Ke6 62. Nf1 Nf5 63. a4 h4 64. b4 Ng3+ 65. Nxg3 hxg3 66. Kf3 g2 67. Kxg2 Kd5 68. Kf3 e4+ 69. Ke3 c6 70. a5 Ke5 0-1